000 00382nam a2200157Ia 4500
008 151213s9999 xx 000 0 und d
100 _aA . C,. Ward
245 _aTwentieths Century Prose
_cA . C,. Ward
250 _a1st
260 _aLondon
_bLongmans
_c1962
300 _a4561 p.
650 _aEnglish
650 _aEnglish Literature
700 _aA . C,. Ward
999 _c2935
_d2935